00383 a2200145 4500003000400000005001700004008004100021020001800062040000900080082001800089100002400107245005800131260003900189300000900228OSt20231222162516.0231222b |||||||| |||| 00| 0 eng d a9788181436962 coclc a891.43bSHA/K aSharma, Brijbhushan aKABEER KI SAUNDARYA BHAWANA /cDr. Brijbhushan Sharma aNew Delhi:bVani Prakashan,c2008. a286p